000 01071nam a2200241Ia 4500
999 _c38666
_d38666
001 4896
003 GE_BSU
005 20190814122225.0
008 181216s2008||||ge |||||||||||||| ||geo||
020 _a978-99940-66-81-0
040 _cGE_BSU
041 _ageo
080 _a94(410) + 908((410) ჭ-24
100 _aჭანტურია, გია
_93574
245 _aდიდი ბრიტანეთი = Great Britain /
_cგია ჭანტურია ; რედ. მანანა ბალიაშვილი, მერაბ ცაგარეიშვილი.
264 _aთბილისი :
_bსაქართველოს მაცნე ;
_c2008.
300 _a200 გვ. :
_bილ. ;
_c29 სმ.
541 _h36ლ.
653 _aდიდი ბრიტანეთის ისტორია
700 _aბალიაშვილი, მანანა
_eრედაქტორი
_91339
700 _a ცაგარეიშვილი, მერაბ
_eრედაქტორი
_93575
942 _cBK
_2udc